000 00962nam a2200265Ia 4500
003 OSt
005 20220923210953.0
006 a|||||r|||| 00| 0
007 ta
008 220922b |||||||| |||| 00| 0 hin d
020 _a8126303905 (hb)
024 _a230,707
037 _cTextual
040 _aARTS
_cARTS
_bhin
041 _2hin
_ahin
082 _aO152,1N266x, P0
100 _aबशीर अहमद, मयूख
_9156674
245 0 _aस्वर्णरेख
_b ऋगवेदीय कथा ऋचा का काव्य - रूप
246 _aSvarṇarekha: ṛugavedīya kathā ṛuchā kā kāvya - rūpa
260 _aनई दिल्ली
_b भारतीय ज्ञानपीठ
_c2000
300 _a112पृ.
_ccm.
650 _aहिन्दी साहित्य
_9156264
942 _hO152,1N266x, P0
_cTEXL
_2CC
999 _c293306
_d293306